000 00508nam a2200145Ia 4500
008 230312s9999||||xx |||||||||||||| ||und||
020 _a9781435497788
082 _a621.39
_bAND-A
100 _aHeller,Dan
245 2 _aA digital photographer's guide to model releases : making the best business decisions with your photos of people, places and things
260 _bCengage
_aUSA
_c2010
300 _a1287
650 _aComputer
_vMicrocomputers Maintenance and repair Examinations Study guides
942 _cBK
999 _c17717
_d17717